| 000 | 00368nam a22001697a 4500 | ||
|---|---|---|---|
| 005 | 20160530115443.0 | ||
| 008 | 160530b xxu||||| |||| 00| 0 eng d | ||
| 020 | _a0-07-058159-2 | ||
| 041 | _aeng | ||
| 082 | _b6039 | ||
| 100 |
_aCalvin, Robert J. _91511 |
||
| 245 | _aBrand Namkaran | ||
| 260 | _bTMH | ||
| 300 | _a245 | ||
| 650 |
_aManagement _9241 |
||
| 942 | _cBK | ||
| 999 |
_c2136 _d2135 |
||